000 01011cam a22001814a 4500
005 20250605163659.0
008 250528s ||||||||||||||||||||||||d
035 _a24191
020 _a9282627632
040 _aGR-AtMCL
_bgre
_dGR-AtMCL
_eAACR2
245 1 _aΗ Ευρώπη των Πολιτών
260 _bΔιοικητική Μονάδα 'Εκδόσεις'
_bΕπιτροπή Των Ευρωπαϊκών Κοινοτήτων,
_c1991
300 _a52
520 _aΗ Ευρωπαϊκή Ιδέα στην Υπηρεσία των Ανθρώπων, Μια Κοινότητα Δικαίου και Δημοκρατίας, Τα Οφέλη της Μεγάλης Αγοράς, Πολιτικές Προόδου, Τα Κοινοτικά Δικαιώματα, Η Ευρώπη στην Καθημερινή Ζωή, Από την Ευρώπη των Πολιτών στην Ευρωπαϊκή Ιθαγένεια, Βιβλιογραφία.
942 _cCR
999 _c9086
_d9086